<?xml version="1.0" encoding="UTF-8"?><?xml-stylesheet type="text/xsl" href="static/style.xsl"?><OAI-PMH xmlns="http://www.openarchives.org/OAI/2.0/" xmlns:xsi="http://www.w3.org/2001/XMLSchema-instance" xsi:schemaLocation="http://www.openarchives.org/OAI/2.0/ http://www.openarchives.org/OAI/2.0/OAI-PMH.xsd"><responseDate>2026-04-26T20:22:52Z</responseDate><request verb="GetRecord" identifier="oai:uvadoc.uva.es:10324/65643" metadataPrefix="marc">https://uvadoc.uva.es/oai/request</request><GetRecord><record><header><identifier>oai:uvadoc.uva.es:10324/65643</identifier><datestamp>2024-02-05T20:02:07Z</datestamp><setSpec>com_10324_895</setSpec><setSpec>com_10324_931</setSpec><setSpec>com_10324_894</setSpec><setSpec>col_10324_897</setSpec></header><metadata><record xmlns="http://www.loc.gov/MARC21/slim" xmlns:doc="http://www.lyncode.com/xoai" xmlns:xsi="http://www.w3.org/2001/XMLSchema-instance" xmlns:dcterms="http://purl.org/dc/terms/" xsi:schemaLocation="http://www.loc.gov/MARC21/slim http://www.loc.gov/standards/marcxml/schema/MARC21slim.xsd">
<leader>00925njm 22002777a 4500</leader>
<datafield tag="042" ind1=" " ind2=" ">
<subfield code="a">dc</subfield>
</datafield>
<datafield tag="720" ind1=" " ind2=" ">
<subfield code="a">Vicente Blanco, Dámaso Francisco Javier</subfield>
<subfield code="e">author</subfield>
</datafield>
<datafield tag="260" ind1=" " ind2=" ">
<subfield code="c">2023</subfield>
</datafield>
<datafield tag="520" ind1=" " ind2=" ">
<subfield code="a">Cualquier poder independiente no puede ceder a la tentación de crear su propio Derecho y de desarrollar a su modo un tronco común del que se proceda. Aunque el objetivo de crear poderes ciudadanos fuera político, sus consecuencias jurídicas en el Derecho privado hubieran sido inevitables. Podemos pensar que se hubiera podido producir un desarrollo asimétrico en las diferentes ciudades, como se ha producido en tantas ocasiones, y como sucedió con el propio Derecho romano en Europa, y singularmente en las ciudades italianas, que de un tronco común se desarrollaron soluciones diferenciadas.</subfield>
</datafield>
<datafield tag="024" ind2=" " ind1="8">
<subfield code="a">El nacimiento del republicanismo español: Los comuneros frente a la monarquía imperial / coord. por István Szászdi León-Borja, Dámaso F. Javier Vicente Blanco, 2023, ISBN 978-84-126000-8-7, págs. 19-</subfield>
</datafield>
<datafield tag="024" ind2=" " ind1="8">
<subfield code="a">978-84-126000-8-7</subfield>
</datafield>
<datafield tag="024" ind2=" " ind1="8">
<subfield code="a">https://uvadoc.uva.es/handle/10324/65643</subfield>
</datafield>
<datafield tag="024" ind2=" " ind1="8">
<subfield code="a">19</subfield>
</datafield>
<datafield tag="024" ind2=" " ind1="8">
<subfield code="a">35</subfield>
</datafield>
<datafield tag="024" ind2=" " ind1="8">
<subfield code="a">El nacimiento del republicanismo español: Los comuneros frente a la monarquía imperial</subfield>
</datafield>
<datafield ind1=" " ind2=" " tag="653">
<subfield code="a">Derecho Internacional Privado</subfield>
</datafield>
<datafield ind1=" " ind2=" " tag="653">
<subfield code="a">Historia del Derecho</subfield>
</datafield>
<datafield ind1=" " ind2=" " tag="653">
<subfield code="a">Historia Moderna</subfield>
</datafield>
<datafield ind1=" " ind2=" " tag="653">
<subfield code="a">Pluralismo jurídico</subfield>
</datafield>
<datafield tag="245" ind1="0" ind2="0">
<subfield code="a">El modelo de las repúblicas italianas para el movimiento comunero: ¿Efectos sobre el derecho privado?</subfield>
</datafield>
</record></metadata></record></GetRecord></OAI-PMH>